Нормален изглед
MARC изглед
- детски приказки
Вход 08. Ключови думи
001 - Контролен номер на записа
- Контролно поле: 391160
003 - Код на организацията, даваща контролен номер
- Контролно поле: BLK
005 - Дата и час на последна промяна на записа
- Контролно поле: 20181130114249.0
008 - Данни с фиксирана дължина – обща информация
- Данни с фиксирана дължина : 181130|| aca||aabn | a|a d
153 ## - Ключови думи
- Ключова дума: детски приказки
942 ## - Системна служебна употреба
- Koha auth type: KEW